Prospects of rubber planting in Assam (Record no. 66040)

MARC details
000 -LEADER
fixed length control field 00302nam a2200121Ia 4500
245 #0 - TITLE STATEMENT
Title Prospects of rubber planting in Assam
260 ## - PUBLICATION, DISTRIBUTION, ETC. (IMPRINT)
Name of publisher Rubber Board Bulletin
Year of publication 1985
300 ## - PHYSICAL DESCRIPTION
Number of Pages 13-May
650 ## - SUBJECT ADDED ENTRY--TOPICAL TERM
Topical Term Assam
650 ## - SUBJECT ADDED ENTRY--TOPICAL TERM
Topical Term Rubber planting
942 ## - ADDED ENTRY ELEMENTS (KOHA)
Koha item type Journals
Holdings
Withdrawn status Lost status Damaged status Not for loan Home library Current library Shelving location Date acquired Serial Enumeration / chronology Koha item type
      Journals RRII Library RRII Library Rubber general 17/12/2021 Volume 21, Issue 1 Journals